=LDR 00000nam 2200000 4500 =001 $a INLIS000000000008388 =005 $a 20260604102142 =008 $a 260604################g##########0#ind## =022 ##$$a 978-979-044-144-6 =035 ##$$a 0010-0626000015 =082 ##$$a 618.2 =084 ##$$a 618.2 LAI b =100 #$$a Lailiyana =245 ##$$a Buku Ajar Asuhan Kebidanan Persalinan $b - $c Lailiyana =247 ##$$a =260 ##$$a Jakarta $b EGC $c 2008 =300 ##$$a xi, 168 hlm $b ilus $c 21cm $e =310 ##$$a =321 ##$$a =520 #$$a buku ajar ini bisa digunakan sebagai pedoman bagi dosen dan mahasiswa program studi atau jurusan kebidanan dalam kegiatan perkuliahan. Buku ini dilengkapi dengan penuntun belajar ketrampilan dalam lingkup asuhan pada ibu bersalin. =650 #$$a kebidanan =700 #$$a Ani Laila =700 #$$a Isrowiyatun Daiyah =856 ##$$a =Wor $a 1